000
00410nam a2200133Ia 4500
008
100328s9999 xx 000 0 und d
082
_b
54051
100
_a
टोळ दत्ता श्री. -संपा.
245
_a
बालोदेयान
260
_b
शिरोळकर शामला
630
_a
बालोदेयान
730
_a
बालोदेयान
942
_c
BOOK
999
_c
540777
_d
540774